000 01360dam0a2200361 i 4500
001 RU\NLR\bibl\911212
005 20241213170704.0
010 _a5-94278-912-6
_94000
021 _aRU
_b2005-88027
_94354
035 _a(NLR Aleph) 000899553
090 _a13281035
_c13281035
100 _a20060227d2005 u y0rusy50 ca
101 1 _arus
_ceng
102 _aRU
105 _aa |||||||||
200 1 _aДары евреев
_e[как племя, кочующее по пустыне, изменило образ мышления мира]
_fТомас Кахилл
_g[пер. с англ. Т.Ю. Гутман]
210 _aСанкт-Петербург
_cАмфора
_d2005
215 _a266,[2] с.
_cкарт.
_d21
225 1 _aКолеса истории
311 _aКнига из цикла "Колеса истории"
488 0 _12001#$aКолеса Истории
_tКолеса Истории
605 _aБиблия
_xИстория
_91151482
_3RU\NLR\auth\66141472
606 1 _aИудаизм
_xИстория
_9952524
_3RU\NLR\auth\6635500
686 _aЭ36-3
686 _aЭ37-2,5
700 1 _aКахилл
_bТ.
_gТомас
_4070
801 0 _aRU
_bNLR
_c20060227
_grcr
801 1 _aRU
_bNLR
_c20060227
942 _cBOOK